Quiz Cultura Generale - Quiz n°70 - Statistics

Statistiche generali
  • Questo quiz è stato fatto 166 volte
  • Il punteggio medio è 9 su 15
Statistiche sulle risposte
Domanda Risposta % Corretto
Chi è l'autore del celebre dipinto "L'urlo" nel 1893? Edvard Munch
100%
Quale strumento musicale ha inventato Adolphe Sax? Sassofono
96%
Qual è stato il primo libro stampato in Europa con la tecnica dei caratteri mobili? La Sacra Bibbia
85%
In quale continente si trova il Deserto dei Gobi? Asia
83%
In quale battaglia 300 spartani fronteggiarono l'esercito persiano di Serse? Battaglia delle Termopili
83%
Quali cariche ecclesiastiche possono presiedere ad un Conclave? Cardinali
79%
Qual è il capoluogo di provincia della Liguria con meno abitanti? Imperia
68%
Quale elemento, tra i seguenti, ha il punto di fusione più alto? Platino
51%
Quanto fa 0,30 diviso 0,25? 1,2
45%
Qual è il participio passato del verbo "nuocere"? Nociuto
43%
Quale autostrada italiana collega Torino a Trieste? A4
38%
Quante falangi ci sono in un piede? 14
36%
Quale di queste città non si trova in Francia? Aquisgrana
36%
Chi ha scritto "La Spigolatrice di Sapri"? Luigi Mercantini
26%
In quale città è stata firmata la Costituzione europea nel 2004? Roma
19%
Nessun quiz corrispondente trovato
Distribuzione punteggi
Percentuale di utenti per punteggio
Percentile per numero di risposta
I tuoi punteggi nel tempo
Non hai fatto questo quiz